000 00438cam a2200181ua 4500
020 _c7.60
041 _aeng
_h
082 _a425
_bSWE/FI
100 _aSweet, Henry .
245 _aFirst middle English premier extracts /
_cHenry Sweet.
_hTextual Documents
250 _a2 /
_b.
260 _aOxford :
_bClarendon Press ,
_c1964.
300 _a100 ; .
365 _a7.60
504 _a
942 _cBK
999 _c12446
_d12446